[Event "Paignton Bruce Premier"]
[Site "Paignton"]
[Date "2010.09.08"]
[Round "4"]
[White "Jenks, Chris Bruce"]
[Black "Toms, David A"]
[Result "1-0"]
[WhiteElo "2124"]
[BlackElo "1908"]
[PlyCount "119"]
[EventDate "2010.09.05"]
[EventType "swiss"]
[EventRounds "7"]
[EventCountry "ENG"]
[SourceTitle "EXT 2023"]
[Source "ChessBase"]
[SourceDate "2022.10.05"]
[SourceVersion "1"]
[SourceVersionDate "2022.10.05"]
[SourceQuality "1"]

1. c4 Nf6 2. g3 g6 3. Bg2 Bg7 4. Nc3 d6 5. d3 e5 6. Bg5 Nbd7 7. Nf3 h6 8. Bxf6 Nxf6 9. c5 c6 10. 0-0 0-0 11. cxd6 Qxd6 12. Qc2 Bf5 13. Nd2 Rac8 14. Rab1 b6 15. b4 Rfd8 16. Rfc1 Qe6 17. Qb3 Qd7 18. b5 c5 19. Bc6 Qe7 20. Nde4 Nxe4 21. dxe4 Bd7 22. Bd5 Be6 23. Qc4 Kh7 24. Rd1 Rd6 25. Rd3 Rcd8 26. Rbd1 R8d7 27. a4 h5 28. Bxe6 Rxd3 29. Bxd7 Rxd1+ 30. Nxd1 Qxd7 31. Qd5 Qxd5 32. exd5 e4 33. Ne3 Kg8 34. Nc4 Kf8 35. f3 exf3 36. exf3 Bd4+ 37. Kg2 Ke7 38. f4 Bf6 39. Kf3 Kd7 40. Ke4 Be7 41. Ne5+ Ke8 42. Nc6 Kd7 43. Ne5+ Ke8 44. Kd3 Bd6 45. Nc6 h4 46. Nxa7 hxg3 47. hxg3 g5 48. Ke4 gxf4 49. gxf4 Kd7 50. Nc6 f6 51. a5 bxa5 52. Nxa5 Bb8 53. Nc4 Bd6 54. Nxd6 Kxd6 55. b6 f5+ 56. Kxf5 Kxd5 57. b7 c4 58. b8Q Kd4 59. Qb2+ Kd3 60. Qc1 1-0

[Event "Paignton Bruce Premier"]
[Site "Paignton"]
[Date "2010.09.05"]
[Round "1"]
[White "Simons, Martin J"]
[Black "Toms, David A"]
[Result "1-0"]
[WhiteElo "2178"]
[BlackElo "1908"]
[PlyCount "115"]
[EventDate "2010.09.05"]
[EventType "swiss"]
[EventRounds "7"]
[EventCountry "ENG"]
[SourceTitle "EXT 2023"]
[Source "ChessBase"]
[SourceDate "2022.10.05"]
[SourceVersion "1"]
[SourceVersionDate "2022.10.05"]
[SourceQuality "1"]

1. e4 d6 2. Nc3 Nf6 3. f4 e5 4. Nf3 Nc6 5. Bc4 Be7 6. d3 0-0 7. a3 a6 8. f5 b5 9. Bb3 Bb7 10. Bg5 Nd4 11. Bxf6 Bxf6 12. Ba2 c6 13. 0-0 Qb6 14. Kh1 Rad8 15. Ne2 Nxf3 16. Rxf3 d5 17. Nc3 a5 18. Qe2 Rfe8 19. Bb3 a4 20. Ba2 d4 21. Nd1 c5 22. Nf2 b4 23. Bc4 Ba6 24. axb4 Bxc4 25. dxc4 Qxb4 26. b3 Ra8 27. Nd3 Qc3 28. Rff1 axb3 29. Rxa8 Rxa8 30. cxb3 Qxb3 31. Nxc5 Ra2 32. Nxb3 Rxe2 33. c5 Rc2 34. Ra1 Kf8 35. Kg1 Rc3 36. Ra8+ Ke7 37. Ra7+ Ke8 38. Rb7 Be7 39. Rb5 Kd7 40. c6+ Rxc6 41. Rxe5 d3 42. Rd5+ Rd6 43. Nc5+ Kc6 44. Rxd6+ Bxd6 45. Nxd3 f6 46. h3 Kb5 47. Kf2 Kc4 48. Ke3 Kc3 49. g4 Bc7 50. Nf4 Bxf4+ 51. Kxf4 Kd4 52. h4 Kc5 53. e5 fxe5+ 54. Kxe5 h6 55. f6 gxf6+ 56. Kxf6 Kd5 57. g5 hxg5 58. hxg5 1-0